| 000 | 00434nam a22001577a 4500 | ||
|---|---|---|---|
| 003 | NUST - PNEC | ||
| 005 | 20170116181122.0 | ||
| 008 | 151005b xxu||||| |||| 00| 0 eng d | ||
| 040 | _cLIBRARY | ||
| 082 | _a621.3 LOG | ||
| 100 |
_98006 _aLogan, J. C. |
||
| 245 |
_aThe new MININEC (version 3) : Initial concept of employment _cLogan, J. C. |
||
| 260 | _c1986 | ||
| 650 |
_95527 _aElectrical Engineering _xEL, EE |
||
| 942 |
_2ddc _cBK |
||
| 999 |
_c69601 _d69601 |
||